| 000 | 00606 a2200157 4500 | ||
|---|---|---|---|
| 082 | _a- | ||
| 100 |
_aAmna Khalid Niazi _993115 |
||
| 245 | _aAN EXPERIMENTAL PERFORMANCE EVALUATION OF VoIP AND TRACKING APPLICATIONS OVER Wi-Fi NETWORKS | ||
| 260 |
_aIslamabad : _bNUST School of Electrical Engineering & Computer Science, _c2010. |
||
| 300 |
_a81 p. : _bill. ; _c27 cm. + _e1CD ROM |
||
| 500 | _aSupervisors : Dr. Zawar Hussain Shah, Ms. Madeeha Owais. | ||
| 563 | _aHB | ||
| 700 |
_aMariyam Shakoor _993116 |
||
| 856 | _uhttp://10.250.8.41:8080/xmlui/handle/123456789/10290 | ||
| 942 |
_cPR _kBICSE-4 AMN _2ddc |
||
| 999 |
_c10230 _d10230 |
||